000 00573nam a2200205Ia 4500
003 SISC
005 20181009091902.0
008 180918s9999 xx 000 0 und d
020 _a9781337099752
050 _aHG 179 .G23 2018
100 _aGarman, E. Thomas
245 _cE. Thomas Garman; Raymond Forgue
_aPersonal finance
260 _aAustralia:
_bCengage Learning
_c2018
300 _a564 pages :
_bcolored illustrations ;
_c28 cm.
500 _aIncludes index
650 _aFinance, personal
650 _aMutual funds
942 _2lcc
_cBK
999 _c358797
_d358797